000 00471nam a22001817a 4500
003 LK-CoDNM
005 20250110113839.0
008 250110b |||||||| |||| 00| 0 eng d
040 _aLK-CoDNM
_dLK-CoDNM
_eLK-CoDNM
041 _aeng
080 _a5
_bN12
100 _aHall,Maurice,C
245 _aControl of Animal Parasites
260 _aNorth American
_bThe North American Verterinarian Evenston
300 _a162p ; 23 cm
650 _aScience
942 _cBK
999 _c235896
_d235896